000 00215nam a2200085Ia 4500
008 170620s9999 xx 000 0 und d
100 _aUniversals
245 4 _aTHE TELECOM REGULATION AUTHORITY OF INDIA
260 _bUniversal Law
260 _c2008
999 _c29318
_d29318